Autos Campeones del Campeonato por Imagen - Fórmula 1 - Estadísticas

Estadísticas generales
  • Esta prueba ha sido intentada 37 veces
    12 desde el último reinicio
  • La puntuación promedio es 15 de 86
Estadísticas de respuestas
Imagen Hint Respuesta % Correcto
2005 Renault R25
78%
2006 Renault R26
78%
2022 Red Bull RB18
67%
2023 Red Bull RB19
67%
2024 Red Bull -Pilotos RB20
67%
2021 Red Bull -Pilotos RB16B
56%
2000 Ferrari F1-2000
44%
2024 McLaren -Constructores MCL38
44%
2025 McLaren MCL39
44%
2003 Ferrari F2003-GA
33%
1988 McLaren MP4-4
33%
1989 McLaren MP4-5
33%
1991 McLaren MP4-6
33%
2010 Red Bull RB6
33%
2011 Red Bull RB7
33%
2012 Red Bull RB8
33%
2013 Red Bull RB9
33%
2014 Mercedes W05
33%
2015 Mercedes W06
33%
2016 Mercedes W07
33%
2017 Mercedes W08
33%
2018 Mercedes W09
33%
2019 Mercedes W10
33%
2020 Mercedes W11
33%
2021 Mercedes -Constructores W12
33%
1972 Lotus 72D
22%
2009 Brawn GP Brawn BGP 001
22%
2001 Ferrari F2001
22%
2002 Ferrari F2002
22%
2004 Ferrari F2004
22%
2007 Ferrari F2007
22%
2008 Ferrari -Constructores F2008
22%
2008 McLaren -Pilotos MP4-23
22%
1985 McLaren MP4-2B
22%
1986 McLaren -Pilotos MP4-2C
22%
1990 McLaren MP4-5B
22%
1971 Tyrrell 003
11%
1973 Tyrrell -Pilotos 006
11%
1975 Ferrari 312T
11%
1976 Ferrari -Constructores, 1977 312T2
11%
1979 Ferrari 312T4
11%
1970 Lotus 72
11%
1973 Lotus -Constructores 72E
11%
1994 Benetton -Pilotos B194
11%
1995 Benetton B195
11%
1986 Williams -Constructores FW11
11%
1987 Williams FW11B
11%
1992 Williams FW14B
11%
1993 Williams FW15C
11%
1994 Williams -Constructores FW16
11%
1996 Williams FW18
11%
1997 Williams FW19
11%
1998 McLaren MP4-13
11%
1999 McLaren -Pilotos MP4-14
11%
1984 McLaren MP4-2
11%
1982 Ferrari -Constructores 126C2
0%
1983 Ferrari -Constructores 126C3
0%
1961 Ferrari 156
0%
1964 Ferrari 158
0%
1958 Ferrari -Pilotos 246
0%
1963 Lotus 25
0%
Maserati 1954 -Pilotos, 1957 250F
0%
1965 Lotus 33
0%
1968 Lotus 49B
0%
1952-1953 Ferrari 500
0%
1954 Ferrari -Constructores 625 F1
0%
1978 Lotus 79
0%
1950 Alfa Romeo Alfetta 158
0%
1951 Alfa Romeo Alfetta 159
0%
1966 Brabham BT20
0%
1967 Brabham BT24
0%
1981 Brabham -Pilotos BT49C
0%
1983 Brabham -Pilotos BT52B
0%
1999 Ferrari -Constructores F399
0%
1980 Williams FW07
0%
1981 Williams -Constructores FW07D
0%
1982 Williams -Pilotos FW08
0%
1956 Ferrari Lancia D50
0%
1974 McLaren M23
0%
1976 McLaren -Pilotos M26
0%
1969 Matra MS84
0%
1962 BRM P57
0%
1959 Cooper T51
0%
1960 Cooper T53
0%
1958 Vanwall -Constructores VW 5
0%
Mercedes 1955, Pilotos de 1954 W196
0%
No se encontraron pruebas coincidentes
Distribución de puntuación
Porcentaje de gente con cada puntuación
Porcentaje por número respondido
Historial de tus puntuaciones
No has intentado esta prueba desde el último reinicio